Normal view MARC view
  • Alemania (República Democrática, 1949-1990)

Entry Nombre Geográfico

Number of records used in: 3

001 - NÚMERO DE CONTROL

  • campo de control: 1799

003 - IDENTIFICADOR DE NUMERO DE CONTROL

  • campo de control: MX-MxUPN

005 - FECHA Y HORA DE LA ÜLTIMA TRANSACCIÓN

  • campo de control: 20250311101619.0

008 - DATOS DE LONGITUD FIJA

  • campo de control de longitud fija: 250311nn fnnnnaabn b |nc |d

035 ## - NÚMERO DE CONTROL

  • Número de control: UPN10000001799

040 ## - FUENTE DE CATALOGACIÓN

  • Agencia de catalogación original: MX-MxUPN
  • Lenguaje de catalogación: spa

151 ## - ENCABEZAMIENTO - NOMBRE GEOGRÁFICO

  • Nombre geográfico: Alemania (República Democrática, 1949-1990)
  • Subdivisión general : Política cultural

670 ## - FUENTE EN LA QUE SE LOCALIZARON DATOS

  • Cita de la fuente: LC/P
  • Información localizada: Germany (East) - Cultural policy

902 ## - CATALOGADOR

  • Catalogador: MEEG/260996